1488 1607 1823 1538 1999 1943 1966 1159 1807 1231 1736 1462 1367 1080 1026 1309 1876 1317 1837 1824 1461 1959 1664 1666 1905 1250 1630 1160 1728 1217 1766 1269 1441 1339 1441 1113 1929 1328 1189 1063 1891 1734 1026 1518 1135 1508 1261 1541 1363 1981 1043 1706 1165 1565 1028 1448 1943 1440 1075 1722 1693 1110 1007 1656 1532 1174 1731 1548 1914 1250 1741 1862 1879 1651 1259 1163 1603 1907 1927 1981 1199 1034 1034 1825 1695 1891 1772 1117 1054 1604 1141 1266 1042 1355 1736 1427 1490 1864 1043 BCNSPRNW ULIB Ver.6.0+V

เปลี่ยนเป็นภาษาไทย

Change to English
 แสดงรายละเอียดบรรณานุกรม
  กลับหน้าหลัก

Brief Record : Get Marc (ISO 2709) : E-mail record : QR code < ปิดหน้าต่าง
LEADER : 00000nam 2200000uu 4500
001    13399121753
003     ULIB
008    020711s2555 th a 000 0 tha d
020    9786160002962
090    นว.^bณ429ธ
100    ณารา
245    ธาดากุสุมา^cณารา
250    พิมพ์ครั้งที่ 2
260    กรุงเทพฯ :^bพิมพ์คำ,^c2555
300    502 หน้า
945    ^p300^l0^i033168
995    เกษร
999    ^aใช้งานได้ทุกระบบ
รายการนี้ยังไม่มีแท็ก
คุณยังไม่ได้ล็อกอิน คุณสามารถมีกิจกรรมร่วมกับเว็บไซต์ได้ แต่ต้องล็อกอินก่อน ::
  ล็อกอิน

รายการสื่อสารสนเทศ

ลำดับที่ ประเภท เลขเรียก/บาร์โค้ด สถานที่ สถานะ
1. นวนิยาย
นวนิยาย
นว. ณ429ธ  
  Barcode: 033168
ห้องสมุดวิทยาเขตสวรรค์ประชารักษ์
►นวนิยาย
บนชั้น
  ขอยืม

รายการใกล้เคียง
    ผู้แต่ง [ณารา]

BibComment


ยังไม่เคยถูกคอมเมนท์

คอมเมนท์ทรัพยากรรายการนี้
  คอมเมนท์: ธาดากุสุมา ณารา


 Copyright 2026. Bcnsprnw @Library